|
|
|
|
| LEADER |
01402nam a2200325 a 4500 |
| 003 |
BD-DhAAL |
| 008 |
110824r20171992enkab b 001 0 eng |
| 010 |
|
|
|a 91031572
|
| 020 |
|
|
|a 9788185618692
|
| 020 |
|
|
|a 0521267285
|
| 020 |
|
|
|a 9780521267281
|
| 040 |
|
|
|a DLC
|c DLC
|d DLC
|d BD-DhAAL
|
| 043 |
|
|
|a a-ii---
|
| 082 |
0 |
0 |
|a 720.954
|2 20
|
| 100 |
1 |
|
|a Asher, Catherine B.
|q (Catherine Blanchard),
|d 1946-
|9 41077
|
| 245 |
1 |
0 |
|a Architecture of Mughal India /
|c Catherine B. Asher.
|
| 260 |
|
|
|a Cambridge ;
|a New York ;
|a India :
|b Cambridge University Press,
|c 1992 [reprint 2017].
|
| 300 |
|
|
|a xxxi, 368 pages :
|b illustrations, maps ;
|c 25 cm.
|
| 490 |
0 |
|
|a The New Cambridge history of India ;
|v I, 4
|
| 504 |
|
|
|a Includes bibliographical references and index.
|
| 526 |
|
|
|a RS
|
| 541 |
|
|
|a Karim International
|e 00009808, 37503
|
| 590 |
|
|
|a In English.
|
| 650 |
|
0 |
|a Architecture, Mogul.
|9 41078
|
| 650 |
|
0 |
|a Islamic architecture
|z India.
|9 41079
|
| 852 |
1 |
|
|a Ayesha Abed Library
|c General Shelf.
|
| 942 |
|
|
|2 ddc
|c BK
|
| 999 |
|
|
|c 11225
|d 11225
|
| 952 |
|
|
|0 0
|1 0
|2 ddc
|4 0
|6 720_954000000000000_ASH
|7 0
|9 17944
|a BRACUL
|b BRACUL
|c GEN
|d 2011-09-06
|l 3
|m 5
|o 720.954 ASH
|p 3010009808
|r 2018-12-13
|s 2018-11-26
|t 1
|w 2011-09-06
|y BK
|
| 952 |
|
|
|0 0
|1 0
|2 ddc
|4 0
|6 720_954000000000000_ASH
|7 0
|9 69341
|a SCL
|b SCL
|c GEN
|d 2021-06-23
|e Karim International
|g 2250.00
|l 1
|o 720.954 ASH
|p 3020037503
|r 2023-09-30
|s 2023-09-23
|t 2
|w 2021-06-23
|y BK
|